000 00499nam a2200181Ia 4500
005 20260429112033.0
008 260429s9999||||xx |||||||||||||| ||und||
020 _a9781804894651
041 _aEnglish
082 _a543
_bPIC
100 _aPickering, Kenny
245 0 _aAnalytical chemistry /
_cKenny Pickering
260 _aUnited Kingdom :
_bBrilliant Publication Ltd. ,
_c2026.
300 _ax, 270 p.; hb
650 _a Chemical analysis
650 _aAnalytical chemistry
942 _cTB
999 _c52015
_d52015